00417pam a2200157 a 4500020001200000040002500012041001300037082001600050100002300066245005300089250001400142260004100156300001300197365001200210653003700222 c1869.60 aMedical College Lib. aENGhENG a617.96bCUC aCucchiara, Roy F.. aClinical Neuroanesthesia / chTextual Documents a2nd / b. a : bChurchill Livingstone , c1998. a408 ; c a1869.60 aAnaesthesiologyaMedical Science